000 00675nam a22002177a 4500
999 _c10606
_d10606
003 AR-CdUCM
008 190328b ||||| |||| 00| 0 spa d
040 _aMUNICIPALIDAD PROVINCIAL DEL CUSCO
_cBIBLIOTECA MUNICIPAL DEL CUSCO
082 _a869.56 /
_bC26/1961
100 _aCarrillo, Francisco
_916973
245 _aCristo se ha llevado toda la humildad del mundo /
260 _aLima :
_bEl timonel,
_c1961.
300 _c13.5 cm.
_a24 páginas ;
440 _aEl timonel ;
_927565
500 _aDedicatoria
505 _aContenido : Poemas.
650 _aPoesías peruanas
_91481
650 _aPoesías del siglo XX.
_915565
942 _2ddc
_cLIBROS
945 _aacv